1446 1470 1732 1633 1760 1159 1937 1660 1542 1030 1836 1716 1673 1564 1864 1490 1559 1150 1975 1103 1079 1024 1865 1016 1909 1008 1722 1664 1806 1510 1197 1978 1961 1047 1910 1670 1414 1005 1378 1685 1069 1030 1416 1186 1923 1891 1697 1877 1996 1593 1076 1896 1958 1769 1923 1622 1147 1784 1348 1786 1667 1391 1544 1021 1193 1446 1878 1761 1241 1170 1984 1156 1446 1695 1911 1065 1156 1943 1726 1240 1579 1188 1027 1291 1479 1434 1254 1594 1530 1495 1769 1019 1017 1626 1926 1662 1553 1961 1800 BCNSPRNW ULIB Ver.6.0+V

เปลี่ยนเป็นภาษาไทย

Change to English
 แสดงรายละเอียดบรรณานุกรม
  กลับหน้าหลัก

Brief Record : Get Marc (ISO 2709) : E-mail record : QR code < ปิดหน้าต่าง
LEADER : 00000nam 2200000uu 4500
001    13399128626
003     ULIB
008    230924s2565||||th 000 0 tha d
020    ^a9786164262782
050  4 ^aHA35^bป533ส
100 0  ^aปัทมา สุพรรณกุล
245 10 ^aสถิติประยุกต์สำหรับงานวิจัยด้านสาธารณสุข /^cปัทมา สุพรรณกุล
250    ^aพิมพ์ครั้งที่ 3
260    ^aพิษณุโลก :^bสำนักพิมพ์มหาวิทยาลัยนเรศวร,^c2565
300    ^a238 หน้า :^bภาพประกอบ ;^c26 ซม.
504    ^aมีบรรณานุกรมและดัชนี
650  4 ^aคณิตศาสตร์สถิติ
650  4 ^aสถิติวิเคราะห์
650  4 ^aสถิติศาสตร์
650  4 ^aสาธารณสุข^xวิจัย
945    ^p280^l0^i29890
945    ^p280^l0^i29891
999    ^aกัณชพร จุลอักษร
รายการนี้ยังไม่มีแท็ก
คุณยังไม่ได้ล็อกอิน คุณสามารถมีกิจกรรมร่วมกับเว็บไซต์ได้ แต่ต้องล็อกอินก่อน ::
  ล็อกอิน

รายการสื่อสารสนเทศ

ลำดับที่ ประเภท เลขเรียก/บาร์โค้ด สถานที่ สถานะ
1. หนังสือสำรอง
หนังสือสำรอง
HA35 ป533ส ฉ.1 
  Barcode: 29890
ห้องสมุดวิทยาเขตนครสวรรค์
►หนังสือทั่วไป:l:General Books
บนชั้น
2. วิทยาศาสตร์การแพทย์ และสุขภาพ
วิทยาศาสตร์การแพทย์ และสุขภาพ
HA35 ป533ส ฉ.2 
  Barcode: 29891
ห้องสมุดวิทยาเขตนครสวรรค์
►หนังสือทั่วไป:l:General Books
บนชั้น

รายการใกล้เคียง
    ผู้แต่ง [ปัทมา สุพรรณกุล]

    หัวเรื่อง [คณิตศาสตร์สถิติ]
    หัวเรื่อง [สถิติวิเคราะห์]
    หัวเรื่อง [สถิติศาสตร์]
    หัวเรื่อง [สาธารณสุข วิจัย]

BibComment


ยังไม่เคยถูกคอมเมนท์

คอมเมนท์ทรัพยากรรายการนี้
  คอมเมนท์: สถิติประยุกต์สำห..


 Copyright 2026. Bcnsprnw @Library